000 00553nam a2200181Ia 4500
008 090123s9999 xx 000 0 und d
082 _b36563
_a891.463/शिंदे
100 _aशिंदे जगन्नाथ
245 _aघुंगरु
250 _a1
260 _bप्राजक्ता प्रकाशन
_c2004
300 _a160
600 _aशिंदे जगन्नाथ
630 _aघुंगरु
700 _aशिंदे जगन्नाथ
730 _aघुंगरु
942 _cBOOK
999 _c74631
_d74631